000 00371nam a2200169Ia 4500
003 0100
008 130303s9999 xx 000 0 und d
040 _cARRUPELIB
050 _aJC71.S62K721984
100 _aKraut, Richard
245 _aSocrates and the state
260 _aPrinceton NJ
260 _bPrinceton UP
260 _C1984
300 _a338p
942 0 0 _02
999 _c24192
_d24192